LEADER 01778nam 2200409 n 450 001 996391362903316 005 20221108040403.0 035 $a(CKB)4940000000104367 035 $a(EEBO)2248540151 035 $a(UnM)99850758 035 $a(EXLCZ)994940000000104367 100 $a19920312d1599 uh | 101 0 $aeng 135 $aurbn||||a|bb| 200 10$aBy the Queene. The Queenes Maiesties proclamation, declaring her princely intention to inhibite her subiects vpon most extreme paynes from offending on the seas$b[electronic resource] $eany persons in their ships or goods, being the subiected of any prince, potentate or state, in amitie with her Maiestie 210 $a[Imprinted at London $cBy the deputies of Christopher Barker, printer to the Queenes most excellent Maiestie$d[1599]] 215 $a2 leaves 300 $aImprint from colophon. 300 $aForbidding piracy against ships of allies, with procedures for verifying lawful prizes.--STC. 300 $aReproduction of the original in the Bodleian Library. 330 $aeebo-0014 606 $aPrizes$zEngland$vEarly works to 1800 606 $aPrize law$zGreat Britain$vEarly works to 1800 606 $aPirates$zEngland$vEarly works to 1800 607 $aEngland$xProclamations$vEarly works to 1800 615 0$aPrizes 615 0$aPrize law 615 0$aPirates 701 $aElizabeth$cQueen of England,$f1533-1603.$0996842 801 0$bCu-RivES 801 1$bCu-RivES 801 2$bCStRLIN 801 2$bWaOLN 906 $aBOOK 912 $a996391362903316 996 $aBy the Queene. The Queenes Maiesties proclamation, declaring her princely intention to inhibite her subiects vpon most extreme paynes from offending on the seas$92301935 997 $aUNISA